Audit a uisťovacie služby podľa "medzinárodných audítorských štandardov" (ISA - International standard of auditing) v spoločnosti XY diplomová práca

Salvato in:
Dettagli Bibliografici
Autore principale: Mattová, Sláva
Ente Autore: Podnikovohospodárska fakulta EU so sídlom v Košiciach. Katedra účtovníctva a financií
Altri autori: Polončák, Milan
Natura: Libro
Lingua:slovacco
Pubblicazione: Košice 2010
Tags: Aggiungi Tag
Nessun Tag, puoi essere il primo ad aggiungerne!!

MARC

LEADER 00000nam$a2200000$$$4500
001 0123091
005 20240318121840.9
041 0 |a slo 
044 |a SK 
245 1 0 |a Audit a uisťovacie služby podľa "medzinárodných audítorských štandardov" (ISA - International standard of auditing) v spoločnosti XY  |b diplomová práca  |c Sláva Mattová ; škol. Milan Polončák 
264 1 |a Košice  |c 2010 
300 |a 78 s. 
100 1 |a Mattová, Sláva 
700 1 |a Polončák, Milan 
710 2 |a Podnikovohospodárska fakulta EU so sídlom v Košiciach. Katedra účtovníctva a financií